| 000 | 00370nam a22001337a 4500 | ||
|---|---|---|---|
| 999 |
_c532735 _d532735 |
||
| 003 | NUST | ||
| 038 | _aM.Ramzan | ||
| 082 |
_a305.4095491 _bAHM |
||
| 100 |
_a Ahmad, Sadaf. _926314 |
||
| 245 |
_aPakistani Women: Multiple Locations and Competing Narratives / _cSadaf Ahmad. |
||
| 260 |
_aKarachi: _bOxford University Press, _c2010. |
||
| 300 | _a316 p, : | ||
| 942 |
_2ddc _cBK |
||